| 000 | 00702nam a22002177a 4500 | ||
|---|---|---|---|
| 003 | dpl | ||
| 005 | 20180709162512.0 | ||
| 008 | 180622b xxu||||| |||| 00| 0 eng d | ||
| 020 |
_a1403925011 _c265.00 |
||
| 035 | _aB-210660, B-182360, B-182347 | ||
| 037 | _bBPPD-PUB | ||
| 040 | _c0 | ||
| 082 | 1 | 4 | _a658.83 |
| 100 | _aShajahan, S. | ||
| 245 | 1 |
_aMarketing research _cby S.L. Gupta;assisted by Seema Gupta (and) Utkarsh Gupta _bConcepts and Practices in India |
|
| 260 |
_aNew Delhi _bMacmillan India Ltd. _c2005 |
||
| 270 |
_a2/10, Ansari Road, Daryaganj, _bNew Delhi _cDelhi _e110002 |
||
| 300 |
_axii, 400 p _c24 cm (pbk) |
||
| 500 | _ainclude index | ||
| 942 |
_adpl _cEN _k658.83072 SHA _2ddc |
||
| 999 |
_c152973 _d152973 |
||